Nuclei far from stability : fifth international conference, Rosseau Lake, Ontario, Canada 1987 /

Bibliographic Details
Corporate Author: International Conference on Nuclei Far from Stability
Other Authors: Towner, Ian S. (Ian Stuart), 1940-
Format: Conference Proceeding Book
Language:English
Published: New York : American Institute of Physics, 1988.
Series:AIP conference proceedings ; 164.
Subjects:

MARC

Tag First Indicator Second Indicator Subfields
LEADER 00000cam a2200000 a 4500
001 in00000020015
005 20151007053808.0
008 880325s1988 nyua b 10100 eng d
010 |a  87073214  
020 |a 0883183641 
035 |a (OCoLC)17679281 
035 |9 AAB2846AM 
040 |a TXA  |c TXA  |d MCS  |d TXA  |d UtOrBLW 
049 |a TXAM  |c [A12587560] 
050 4 |a QC795.6  |b .N82 1988 
245 0 0 |a Nuclei far from stability :  |b fifth international conference, Rosseau Lake, Ontario, Canada 1987 /  |c editor, Ian S. Towner. 
264 1 |a New York :  |b American Institute of Physics,  |c 1988. 
300 |a 869 pages :  |b illustrations ;  |c 25 cm. 
336 |a text  |b txt  |2 rdacontent 
337 |a unmediated  |b n  |2 rdamedia 
338 |a volume  |b nc  |2 rdacarrier 
490 1 |a AIP conference proceedings,  |x 0094-243X ;  |v 164 
500 |a " ... series of conferences on Nuclei far from Stability ... The fifth in the series ... took place ... in September 1987 ... This book represents volume two of the conference proceedings and contains most of the invited presentations and the contributed papers of the attendees. Volume one contains the one-page abstracts"--Pref. 
504 |a Includes bibliographical references and index. 
500 |a "DOE CONF-870970"--Title page verso. 
650 0 |a Nuclear physics  |v Congresses. 
650 0 |a Nuclear structure  |v Congresses. 
650 0 |a Radioisotopes  |v Congresses. 
700 1 |a Towner, Ian S.  |q (Ian Stuart),  |d 1940- 
711 2 |a International Conference on Nuclei Far from Stability  |n (5th :  |d 1987 :  |c Rosseau Lake, Ont.) 
830 0 |a AIP conference proceedings ;  |v 164. 
999 |a MARS 
999 f f |s 12cf53bf-29c6-35e8-978f-02945ce79f9d  |i ba2cbe23-5c70-35b3-bda8-dfd58c5968cd  |t 0 
952 f f |p ric  |a Texas A&M University  |b Rellis Campus  |c Joint Library Facility  |d Remote Storage  |t 0  |e QC795.6 .N82 1988  |h Library of Congress classification  |i unmediated -- volume  |m A14812587560 
998 f f |a QC795.6 .N82 1988  |t 0  |l Remote Storage